000 00492nam a2200181Ia 4500
008 090124s9999 xx 000 0 und d
082 _b102137
100 _aकेळकर न. चि.
245 _a पालापाचोळा
250 _a1
260 _c1943
300 _a107
600 _aकेळकर न. चि.
630 _a पालापाचोळा
700 _aकेळकर न. चि.
730 _a पालापाचोळा
942 _cBOOK
999 _c148229
_d148229